|
|
|
|
| LEADER |
00000naa2a2200000 4500 |
| 001 |
620687 |
| 005 |
20231101133126.0 |
| 035 |
|
|
|a (RuTPU)RU\TPU\conf\19209
|
| 035 |
|
|
|a RU\TPU\conf\19208
|
| 090 |
|
|
|a 620687
|
| 100 |
|
|
|a 20161012d2016 k y0rusy50 ca
|
| 101 |
0 |
|
|a rus
|
| 102 |
|
|
|a RU
|
| 105 |
|
|
|a y z 100zy
|
| 135 |
|
|
|a drgn ---uucaa
|
| 181 |
|
0 |
|a i
|
| 182 |
|
0 |
|a b
|
| 200 |
1 |
|
|a Организация отделения активации, нейтрализации и отгрузки твердого отхода фтороводородного производства на сублиматном заводе АО "СХК"
|f Н. Н. Воронков
|g науч. рук. Ю. М. Федорчук
|
| 203 |
|
|
|a Текст
|c электронный
|
| 225 |
1 |
|
|a Экология и техносферная безопасность
|
| 230 |
|
|
|a 1 компьютерный файл (pdf; 409 Kb)
|
| 300 |
|
|
|a Заглавие с экрана
|
| 461 |
|
1 |
|0 (RuTPU)RU\TPU\conf\19000
|t Неразрушающий контроль
|o сборник трудов VI Всероссийской научно-практической конференции "Неразрушающий контроль: электронное приборостроение, технологии, безопасность", Томск, 23-27 мая 2016 г.
|o в 3 т.
|f Национальный исследовательский Томский политехнический университет (ТПУ)
|d 2016
|
| 463 |
|
1 |
|0 (RuTPU)RU\TPU\conf\19003
|t Т. 3
|v [С. 68-71]
|
| 610 |
1 |
|
|a труды учёных ТПУ
|
| 610 |
1 |
|
|a электронный ресурс
|
| 610 |
1 |
|
|a активация
|
| 610 |
1 |
|
|a нейтрализация
|
| 610 |
1 |
|
|a отгрузка
|
| 610 |
1 |
|
|a твердые отходы
|
| 610 |
1 |
|
|a фтороводородное производство
|
| 610 |
1 |
|
|a сублиматные заводы
|
| 610 |
1 |
|
|a СХК
|
| 700 |
|
1 |
|a Воронков
|b Н. Н.
|
| 702 |
|
1 |
|a Федорчук
|b Ю. М.
|c специалист в области экологии и безопасности жизнедеятельности
|c профессор Томского политехнического университета, доктор технических наук
|f 1948-
|g Юрий Митрофанович
|2 stltpush
|4 727
|
| 712 |
0 |
2 |
|a Национальный исследовательский Томский политехнический университет (ТПУ)
|b Институт неразрушающего контроля (ИНК)
|b Кафедра экологии и безопасности жизнедеятельности (ЭБЖ)
|h 4850
|2 stltpush
|3 (RuTPU)RU\TPU\col\18720
|
| 801 |
|
2 |
|a RU
|b 63413507
|c 20161020
|g RCR
|
| 856 |
4 |
|
|u http://earchive.tpu.ru/handle/11683/32760
|
| 942 |
|
|
|c BK
|